|
|
|
|
| LEADER |
00870nab a2200241 i 4500 |
| 001 |
publ14372 |
| 005 |
20190115113019.0 |
| 008 |
190115s2016 hu o 0|| zxx d |
| 022 |
|
|
|a 1786-8440
|
| 024 |
7 |
|
|a 10.17205/SZIE.AWETH.2016.1.011
|2 doi
|
| 024 |
7 |
|
|a 3421350
|2 mtmt
|
| 040 |
|
|
|a SZTE Publicatio Repozitórium
|b hun
|
| 041 |
|
|
|a zxx
|
| 100 |
1 |
|
|a Gál János
|
| 245 |
1 |
2 |
|a A new Loureedia species on overgrazed former cork oak forest in Morocco (Araneae
|h [elektronikus dokumentum] :
|b Eresidae) /
|c Gál János
|
| 260 |
|
|
|c 2016
|
| 300 |
|
|
|a 11-19
|
| 490 |
0 |
|
|a ANIMAL WELFARE ETHOLOGY AND HOUSING SYSTEMS
|v 12 No. 1
|
| 700 |
0 |
1 |
|a Kovács Gábor
|e aut
|
| 700 |
0 |
1 |
|a Bagyó Richárd
|e aut
|
| 700 |
0 |
1 |
|a Vári Gábor
|e aut
|
| 700 |
0 |
1 |
|a Prazsák István
|e aut
|
| 856 |
4 |
0 |
|u http://publicatio.bibl.u-szeged.hu/14372/1/prazsakAWETH2016011019_ePaper002_DOI.pdf
|z Dokumentum-elérés
|